000 00335nam a22001457a 4500
008 210511b ||||| |||| 00| 0 eng d
020 _a0321522532
041 _aeng
080 _24th
_a330.101.541
082 _a330.101.541
100 _a52
101 _aMAKRO
245 _aFoundations of Economics
_cRobin Bade
942 _2udc
_cBK
999 _c57167
_d57167